History Quiz

Random History or Letter Quiz
Score 0/18 Timer 07:00
3 Plays Today
Hint Answer % Correct
Who was the 46th governor of Texas and 43rd president of the U.S.?George W. Bush
97%
Who assassinated Abraham Lincoln in 1865?John Wilkes Booth
94.8%
What is an individual born between 1946 and 1964 known as?Baby boomer
91.9%
What are the first ten amendments to the U.S. Constitution known as?Bill of Rights
86.8%
What was the unsuccessful CIA-sponsored invasion of Cuba in 1961?Bay of Pigs Invasion
86%
Which vice president killed Alexander Hamilton in a duel in 1804?Aaron Burr
77.1%
What is the date October 29, 1929, commonly known as?Black Tuesday
70.8%
Who served as president of the U.S. from 1857 to 1861?James Buchanan
69.3%
What June 17, 1775, Revolutionary War battle took place on Breed’s Hill?Battle of Bunker Hill
67.6%
Hint Answer % Correct
What nickname was given to a place that experienced rapid economic and population growth?Boomtown
65.8%
Which abolitionist led an anti-slavery revolt at Harpers Ferry in 1859?John Brown
58.6%
What clash between colonists and British forces in 1770 left 5 dead, including Crispus Attucks?Boston Massacre
58.3%
Which nurse worked during the Civil War and later founded the American Red Cross?Clara Barton
55.7%
Which Union general, known for his distinctive facial hair, was defeated at the Battle of Fredericksburg?Ambrose Burnside
40.8%
What nickname was given to an African-American soldier who fought against Native Americans?Buffalo soldier
35.1%
What name was given to a slave state that did not declare secession from the U.S. during the Civil War?Border state
29.5%
Known as 'The Great Commoner', who ran as the Democratic presidential candidate in 1896, 1900, and 1908?William Jennings Bryan
28.4%
What group of WWI veterans marched on Washington in 1932 to demand cash payment for their military service?Bonus Army
15.2%
Remove Ads.
Support Sporcle.
Get the best of Sporcle when you Go Orange. This ad-free experience offers more features, more stats, and more fun while also helping to support Sporcle. Thank you for becoming a member.

You're not logged in!

Compare scores with friends on all Sporcle quizzes.
OR
Log In

Show Comments

Extras

Top Quizzes Today


Score Distribution

Your Account Isn't Verified!

In order to create a playlist on Sporcle, you need to verify the email address you used during registration. Go to your Sporcle Settings to finish the process.

Report this User

Report this user for behavior that violates our Community Guidelines.

Details: